| 000 | 00580 a2200193 4500 | ||
|---|---|---|---|
| 999 |
_c5297 _d5297 |
||
| 010 | _aENG-86810 | ||
| 020 |
_c320.00 _a8125031596 |
||
| 035 | _aEN-70343 | ||
| 037 | _bDBAD / PUB | ||
| 082 | 1 | 4 | _a616.96 |
| 100 | 1 | _aPanjarathinam, R. | |
| 245 | 1 |
_aTextbook of medical parasitology / _cby R.Panjarathinam |
|
| 250 | _a2nd ed | ||
| 260 |
_aChennai _bOrient Longman _c2007 |
||
| 270 |
_a160, Anna Salai _bChennai _mdelgeneral@orientlongman.com _e600 002 |
||
| 300 |
_aix,381p. _c24cm (pbk) _bill. |
||
| 500 | _aIncludes index | ||
| 942 |
_adpl _cEN _2ddc _h616.96 _mPAN |
||